ბათუმის შოთა რუსთაველის სახელმწიფო უნივერსიტეტის ბიბლიოთეკა

ამოცანათა კრებული უმაღლეს ალგებრაში :დამხ.სახელმძღ. / (ბიბ.ჩანაწერი № 37606)

000 -ლიდერი
ფიქსირებული სიგრძის საკონტროლო ველი 01017nam a2200229Ia 4500
001 - საკონტროლო ნომერი
საკონტროლო ველი 3578
003 - საკონტროლო ნომრის იდენტიფიკატორი
საკონტროლო ველი GE_BSU
005 - ბოლო ოპერაციის თარიღი და დრო
საკონტროლო ველი 20190528152247.0
008 - ფიქსირებული სიგრძის მონაცემთა ელემენტები - ზოგადი ინფორმაცია
ფიქსირებული სიგრძის საკონტროლო ველი 181216s1985|||| |||||||||||||| ||geo||
040 ## - კატალოგიზაციის წყარო
Transcribing agency GE_BSU
041 ## - ენის კოდი
Language code of text/sound track or separate title geo
080 ## - უნივერსალური ათობითი კლასიფიკაციის ინდექსი
Universal Decimal Classification number 512.8(076) გ-45
100 ## - მთავარი ჩანაწერი - პიროვნების სახელი
Personal name გველესიანი, ს
9 (RLIN) 1719
245 ## - ცნობა სათაურის შესახებ
Title ამოცანათა კრებული უმაღლეს ალგებრაში :დამხ.სახელმძღ. /
Statement of responsibility, etc ს.გველესიანი ; ნ. ხომერიკი ; რედ : ე.გიორგაძე.
264 ## - წარმოების, გამოცემის, დისტრიბუციის და სხვა ცნობები
გამოცემის, წარმოების, დისტრიბუციის... ადგილი თბილისი :
გამოცემის, წარმოების, დისტრიბუციის... სახელწოდება სპი,
გამოცემის, წარმოების, დისტრიბუციის... თარიღი 1985.
300 ## - ფიზიკური აღწერა
Extent 96 გვ .:
Dimensions 20 სმ.
653 ## - INDEX TERM--UNCONTROLLED
Uncontrolled term ამოცანათა კრებული უმაღლეს ალგებრაში
653 ## - INDEX TERM--UNCONTROLLED
Uncontrolled term უმაღლესი ალგებრა
700 ## - ADDED ENTRY--PERSONAL NAME
Personal name ხომერიკი, ნ
9 (RLIN) 1720
700 ## - ADDED ENTRY--PERSONAL NAME
Personal name გიორგაძე, ე
Relator term რედაქტორი
9 (RLIN) 398
942 ## - ADDED ENTRY ELEMENTS (KOHA)
Koha item type წიგნი
Source of classification or shelving scheme
ეგზემპლარები
ჩამოწერის სტატუსი დაკარგული ეგზემპლარის სტატუსი კლასიფიკაციის წყარო ან თაროზე გაწყობის სქემა დაზიანების სტატუსი არ გაიცემა მუდმივი მდებარეობა (დაცვის ადგილი) ამჟამინდელი ადგილსამყოფელი თაროზე განთავსების ადგილი შეძენის თარიღი ღირებულება, შესყიდვის ნორმალური ფასი სრული შენახვის შიფრი შტრიხკოდი ბოლო ოპერაციის თარიღი ეგზემპლარის მიმდევრობითი ნომერი (კეტერი?) ფასის ძალაში შესვლის თარიღი ეგზემპლარის სახეობა საჯარო შენიშვნა
          ტექნოლოგიური ფაკულტეტის ბიბლიოთეკა ტექნოლოგიური ფაკულტეტის ბიბლიოთეკა წიგნსაცავი 2018-12-17 0.24 512.8(076) გ-45 9247 2018-12-17 9247 2018-12-17 წიგნი 0.24 თ.
          ტექნოლოგიური ფაკულტეტის ბიბლიოთეკა ტექნოლოგიური ფაკულტეტის ბიბლიოთეკა წიგნსაცავი 2018-12-17 0.24 512.8(076) გ-45 9248 2018-12-17 9248 2018-12-17 წიგნი 0.24 თ.
          ტექნოლოგიური ფაკულტეტის ბიბლიოთეკა ტექნოლოგიური ფაკულტეტის ბიბლიოთეკა წიგნსაცავი 2018-12-17 0.24 512.8(076) გ-45 9249 2018-12-17 9249 2018-12-17 წიგნი 0.24 თ.